000 00249nam a2200109Ia 4500
008 170620s9999 xx 000 0 und d
100 _aGUPTA -S L
245 0 _aSALES AND DISTRIBUTION MANAGEMENT
260 _bDELHI EXCEL
260 _c2009
300 _a600
546 _aENGLISH
999 _c29883
_d29883